Rakousko

Zahraničná politika a zahranično-obchodné vzťahy Rakúska. Rakúsko a Európska únia. Stručná charakteristika rakúskeho hospodárstva. Vzťahy Českej republiky a Rakúska. Perspektívne trhové komodity a sektory.

Gespeichert in:
Bibliographische Detailangaben
1. Verfasser: Kotápišová, Lada
Format: Buchkapitel
Sprache:Tschechisch
Schlagworte:
Tags: Tag hinzufügen
Keine Tags, Fügen Sie das erste Tag hinzu!

MARC

LEADER 00000naa a2200000 4500
001 r034014
005 20230920095737.7
041 0 |a cze 
044 |a CZ 
245 1 0 |a Rakousko  |c Lada Kotápišová 
520 |a Zahraničná politika a zahranično-obchodné vzťahy Rakúska. Rakúsko a Európska únia. Stručná charakteristika rakúskeho hospodárstva. Vzťahy Českej republiky a Rakúska. Perspektívne trhové komodity a sektory. 
610 2 0 |a vzťahy obchodné 
610 2 0 |a obchod zahraničný 
610 2 0 |a vývoj hospodársky 
610 2 0 |a Európska únia 
610 2 0 |a Rakúsko 
610 2 0 |a komodity 
610 2 0 |a bilancia platobná 
610 2 0 |a Česko 
100 1 |a Kotápišová, Lada